000 00537nam a2200205Ia 4500
005 20260429112302.0
008 260429s9999||||xx |||||||||||||| ||und||
020 _a9780443158674
041 _aEnglish
082 _a547.2
_bSMI
100 _aSmith, Michael B.
245 0 _aOrganic synthesis /
_cMichael B. Smith
250 _a5th ed.
260 _aCambridge :
_bElsevier,
_c2025.
300 _axxvi, 1118 p.; pbk
650 _a Chemical reactions
650 _a Organic chemistry
650 _aOrganic synthesis
942 _cTB
999 _c53316
_d53316